000 00527nmm a2200181Ia 4500
008 251105s9999||||xx |||||||||||||||||und||
020 _a8482800536
041 _aspa
100 _aCarrol, Lewis
245 0 _aAlicia en el pais de las maravillas
264 _a[Bogotá, Colombia] :
_bOveja Negra,
_c1996
300 _a43 páginas
650 _aEnglish literature and language
700 _aCarrol, Lewis
700 1 _a Mallarino Botero, Gonzalo
856 _uhttps://public.digitaliapublishing.com/a/54767
942 _cCF
999 _c63657
_d63657